000
00260 a2200085 4500
082
_a
348.5491022 GOV
245
_a
The Gazette of Pakistan /
_c
Government of Pakistan
260
_a
Pakistan :
_b
Government of Pakistan
_c
2000
300
_a
552-629p. :
_b
ill. ;
_c
23 cm
650
_a
Gazette of Pakistan
999
_c
2143
_d
2143